Score 0/10 Timer 01:00
0 Plays Today
% Correct
Argentina
95.8%
United States
94.1%
United Kingdom
91%
China
90.1%
Sweden
83.5%
Canada
81.4%
Japan
79.9%
Russia
75.5%
New Zealand
62.8%
Australia
52.6%

Today's Daily Dose

Remove Ads.
Support Sporcle.
Get the best of Sporcle when you Go Orange. This ad-free experience offers more features, more stats, and more fun while also helping to support Sporcle. Thank you for becoming a member.

You're not logged in!

Compare scores with friends on all Sporcle quizzes.
OR
Log In

Show Comments

Extras

Top Quizzes Today


Score Distribution

Your Account Isn't Verified!

In order to create a playlist on Sporcle, you need to verify the email address you used during registration. Go to your Sporcle Settings to finish the process.

Report this User

Report this user for behavior that violates our Community Guidelines.

Details: